000 00592nam a22001337a 4500
040 _cRUA
082 _aAGR CHI 2016 B556 Or.1
100 _aCHIM CHANNEATH; ជឹម ចាន់នាថ
245 _aComparison pf pak choy varieties in prateh lang soil condition; ការប្រៀបធៀបពូជស្ពៃជើងទា ក្នុងលក្ខខណ្ឌដីប្រទះឡាង
260 _aPhnom Penh
_bRUA
_c2016
300 _ax; 31p;
_bill;
_c29cm;
856 _uhttps://drive.google.com/file/d/1hBYUj2oegD69yILIVjJosJWelqH9Y_yh/view?usp=sharing
942 _cAGR
999 _c11545
_d11545